Tod und Konnektivität
Saved in:
| Main Author: | |
|---|---|
| Format: | Chapter/Article Conference Paper |
| Language: | German |
| Published: |
2001
|
| In: |
Wiedergeburt und kulturelles Erbe
Year: 2001, Pages: [35]-47 |
| Online Access: |
|
| Author Notes: | von Jan Assmann |
MARC
| LEADER | 00000caa a22000002c 4500 | ||
|---|---|---|---|
| 001 | 1863514813 | ||
| 003 | DE-627 | ||
| 005 | 20250217161230.0 | ||
| 007 | tu | ||
| 008 | 231013s2001 xx ||||| 00| ||ger c | ||
| 035 | |a (DE-627)1863514813 | ||
| 035 | |a (DE-599)KXP1863514813 | ||
| 035 | |a (OCoLC)1425878396 | ||
| 040 | |a DE-627 |b ger |c DE-627 |e rakwb | ||
| 041 | |a ger | ||
| 082 | 0 | |a 299.3 |q SEPA | |
| 084 | |a 60 |2 sdnb | ||
| 100 | 1 | |a Assmann, Jan |d 1938-2024 |e VerfasserIn |0 (DE-588)11805077X |0 (DE-627)079213251 |0 (DE-576)160116392 |4 aut | |
| 245 | 1 | 0 | |a Tod und Konnektivität |c von Jan Assmann |
| 264 | 1 | |c 2001 | |
| 300 | |a 13 | ||
| 336 | |a Text |b txt |2 rdacontent | ||
| 337 | |a ohne Hilfsmittel zu benutzen |b n |2 rdamedia | ||
| 338 | |a Band |b nc |2 rdacarrier | ||
| 773 | 0 | 8 | |i Enthalten in |t Wiedergeburt und kulturelles Erbe |b 1. Aufl. |d Sankt Augustin : Academia-Verl., 2001 |g (2001), Seite [35]-47 |h 391 S. |w (DE-627)326158146 |w (DE-576)100638287 |z 3896651927 |7 nnam |a Tod und Konnektivität |
| 773 | 1 | 8 | |g year:2001 |g pages:[35]-47 |g extent:13 |a Tod und Konnektivität |
| 776 | 0 | 8 | |i Erscheint auch als |n Online-Ausgabe |a Assmann, Jan, 1938 - 2024 |t Schriften von Jan Assmann ; 177: Tod und Konnektivität |d Heidelberg : Universitätsbibliothek Heidelberg, 2017 |h 1 Online-Ressource |w (DE-627)1552190781 |w (DE-576)482190787 |
| 951 | |a AR | ||
| 992 | |a 20240117 | ||
| 993 | |a ConferencePaper | ||
| 998 | |g 11805077X |a Assmann, Jan |m 11805077X:Assmann, Jan |d 70000 |d 71700 |d 71720 |e 70000PA11805077X |e 71700PA11805077X |e 71720PA11805077X |k 0/70000/ |k 1/70000/71700/ |k 2/70000/71700/71720/ |p 1 |x j |y j | ||
| 999 | |a KXP-PPN1863514813 |e 4459949164 | ||
| BIB | |a Y | ||
| JSO | |a {"origin":[{"dateIssuedDisp":"2001","dateIssuedKey":"2001"}],"person":[{"display":"Assmann, Jan","family":"Assmann","given":"Jan","role":"aut"}],"id":{"eki":["1863514813"]},"title":[{"title":"Tod und Konnektivität","title_sort":"Tod und Konnektivität"}],"name":{"displayForm":["von Jan Assmann"]},"recId":"1863514813","relHost":[{"titleAlt":[{"title":"Reincarnation and cultural heritage"}],"id":{"isbn":["3896651927"],"eki":["326158146"]},"origin":[{"publisherPlace":"Sankt Augustin","dateIssuedKey":"2001","dateIssuedDisp":"2001","editionNo":"1","publisher":"Academia-Verl.","edition":"1. Aufl."}],"physDesc":[{"noteIll":"Ill.","extent":"391 S.","noteFormat":"21 cm"}],"note":["Literaturangaben","Beitr. teilw. dt., teilw. engl. - Literaturangaben"],"titleTranslated":[{"translated":"Reincarnation and cultural heritage"}],"recId":"326158146","relMultPart":[{"type":{"bibl":"serial"},"physDesc":[{"noteFormat":"21 cm"}],"recId":"52830741X","language":["ger"],"disp":"West-östliche Denkwege","title":[{"title_sort":"West-östliche Denkwege","title":"West-östliche Denkwege"}],"dispAlt":"West-östliche Denkwege","pubHistory":["[1.]1998; 2.2001 -"],"part":{"number_sort":["3"],"number":["3"]},"origin":[{"dateIssuedDisp":"1998-","publisherPlace":"Baden-Baden ; Sankt Augustin","dateIssuedKey":"1998","publisher":"Academia ; Academia-Verl."}],"id":{"zdb":["2285055-7"],"eki":["52830741X"]}}],"corporate":[{"display":"Hermann-und-Marianne-Straniak-Stiftung","role":"oth"}],"title":[{"subtitle":"Ergebnisse und Beiträge des internationalen Symposiums der Hermann-und-Marianne-Straniak-Stiftung, Weingarten 1999 = Reincarnation and cultural heritage","title":"Wiedergeburt und kulturelles Erbe","title_sort":"Wiedergeburt und kulturelles Erbe"}],"person":[{"given":"Walter","family":"Schweidler","display":"Schweidler, Walter","role":"edt"}],"part":{"pages":"[35]-47","year":"2001","extent":"13","text":"(2001), Seite [35]-47"},"type":{"bibl":"edited-book"},"disp":"Tod und KonnektivitätWiedergeburt und kulturelles Erbe","language":["ger","eng"],"name":{"displayForm":["Walter Schweidler (Hrsg.)"]}}],"language":["ger"],"type":{"bibl":"chapter"},"physDesc":[{"extent":"13 S."}]} | ||
| SRT | |a ASSMANNJANTODUNDKONN2001 | ||